Pročnosť materialov i elementov konstrukcij v ekstremaľnych uslovjach. Tom 1

Guardado en:
Detalles Bibliográficos
Formato: Libro
Lenguaje:ruso
Publicado: Kijev : Naukova dumka, 1980
Materias:
Etiquetas: Agregar Etiqueta
Sin Etiquetas, Sea el primero en etiquetar este registro!

MARC

LEADER 00000nam a22000003a 4500
001 stu40913
005 20141122045042.1
008 930601s1980----xxr-----------------rus-d
040 |a STU  |b slo 
041 0 |a rus 
044 |a xxr 
080 |a 539.4 
245 |a Pročnosť materialov i elementov konstrukcij v ekstremaľnych uslovjach. Tom 1 
260 |a Kijev :  |b Naukova dumka,  |c 1980 
300 |a 531 s 
650 7 |a pevnosť  |2 stusub 
650 7 |a materiály  |2 stusub 
996 |b 284M062366  |c M*6800/1-2  |l MMKN  |s A  |a 24  |w stu40913_0001